000 03852nam a2200457 i 4500
001 768714001
003 CO-MdFUSB
005 20230915093708.0
007 ta
007 ca aa aaaaa
008 170718t2011 sp ||||| |||| 00| 0 spa d
020 _a9788482674919
_qimpreso
020 _a9788482677866
_qelectrónico
040 _aCO-MdFUSB
_bspa
_cCO-MdFUSB
_dCO-MdFUSBC
_erda
041 0 _aspa
082 0 4 _a221.44
_223
_bB8863m
100 1 _aBruce, F. F. 1910-1990
_eautor
245 1 4 _aLos manuscritos del Mar Muerto
_b : Qumrán en el siglo XXI
_c/ F.F. Bruce
_h[Físico y electrónico]
264 4 _aViladecavalls, Barcelona :
_b CLIE,
_c[2011]
264 4 _c©2011
300 _a189 páginas
_c; 23 cm
336 _2rdacontent
_atexto
_btxt
337 _2rdamedia
_asin mediación
_bn
337 _2rdamedia
_ainformático
_bc
338 _2rdacarrier
_avolumen
_bnc
338 _2rdacarrier
_aremoto
_bcr
505 _aLos primeros descubrimientos -- Descubrimientos posteriores -- Fechando los hallazgos -- Khirbet Qumran -- Wadi Murabba'at y Khirbet Mird -- Los manuscritos y el Antiguo Testamento -- Interpretación bíblica y esperanza mesiánica -- El Maestro de justicia y sus enemigos -- Qumrán y los esenios -- Qumrán y el cristianismo -- Qumrán en el siglio XXI
506 _aPréstamo en biblioteca del libro físico
506 _aSolicitar clave y usuario para acceder al libro electrónico.
520 _aEl descubrimiento de los primeros siete rollos de'Manuscritos del Mar Muerto'o'Rollos de Qumran'hecho por Jum'a y su primo Mohammed ed-Dhib, dos pastores beduinos de la tribu Ta'amireh, en una cueva a orillas del Mar Muerto en 1947, pusieron en marcha una revolución en la investigación del texto bíblico y en nuestra comprensión de los orígenes del cristianismo, que hoy en día, a comienzos del Siglo XXI, ningún teólogo serio se atreve a cuestionar. Este conjunto de manuscritos judíos, escritos en hebreo y arameo entre los años 150 a.C al 70 d.C., y descubiertos progresivamente a lo largo de los últimos cincuenta años en once cuevas, alcanza ya la cifra de 900. Incluyen los libros del'Tanaj'o A.T. excepto el libro de Ester; los llamados'Deuterocanónicos'; comentarios a cada uno de los libros del A.T.; las reglas, manuales y oraciones de la Comunidad; y otros textos diversos del período intertestamentario, como el'Libro de Enoc','El Testamento de los Doce Patriarcas','El Libro de los Jubileos', etc. Los interrogantes que este descubrimiento plantea, en lo que hace referencia al A.T. como al N.T. son tan fascinantes como importantes. Respecto al Antiguo Testamento: ¿Cómo encajan estos antiguos manuscritos bíblicos con los que ya conocíamos y en los que se basa el texto de nuestras versiones de la Biblia? ¿Nos permiten introducir correcciones a gran escala en los manuscritos masoréticos? ¿Por qué no se ha encontrado entre ellos el libro de Ester? Respecto el Nuevo Testamento: ¿Hasta donde llegan los antecedentes teológicos y los paralelismos entre algunas enseñanzas de esos Manuscritos y las del Nuevo Testamento? ¿Hubo realmente una colaboración entre cristianos y esenios durante un período determinado y luego se separaron? ¿Estuvo Pablo con los esenios de Damasco cuando escribe 'fui a la región de Arabia (o Desierto), de donde luego regresé a Damasco'(Ga. 1:17)?
563 _aRústico
650 7 _aComunidad de Qumrán
_980
650 0 _aBiblia
_916
653 _aComunidad de Qumrán
653 _aBiblia - Manuscritos - Comunidad Qumrán
856 _b1681939
_uhttp://search.ebscohost.com/login.aspx?direct=true&scope=site&db=nlebk&db=nlabk&AN=1681939
_zAbrir Versión electrónica del libro Los manuscritos del Mar Muerto
942 _cBK
945 _aJTF-925
999 _c44418
_d44418